000 00811nam a2200313Ia 4500
001 10950
005 20240113235247.0
007 ta
008 170309s1965 ii a g b000 u 465 u
040 _aCotton College,Assam
041 _a465
082 _a320
_bK 143 P
100 _aKapur, A.C. .,
_eAuthor.
245 0 _aPrinciples of Political Science /
_cA.C. Kapur.
_hTextual Documents
250 _a9th ed. /
260 _aDelhi :
_bPremier Pub. Co ,
_c1965.
300 _axvi, 729p. :
_bill. ;
_c22cm .
504 _aIndex
653 _aPolitical Science-Principles
653 _aPolitics
653 _aMS-Political Science
653 _aT/G-Pol Science
942 _2ddc
_cBK
999 _c10937
_d10937